000 00492nam a2200181Ia 4500
008 240729s9999 xx 000 0 und d
022 _a2673-4397
245 0 _aUro
260 _aSwitzerland
260 _bMDPI AG
650 _a Diseases of the genitourinary system. Urology
650 _a Internal medicine
650 _a Specialties of internal medicine
650 _aMedicine
856 _uhttps://doaj.org/toc/8738c46bc33b4ef08a0eb49f908fb4e6
942 _2ddc
942 _cDOAJEJ
999 _c71942
_d71942
945 _a1
_bMadushi Gamage
_c1
_dMadushi Gamage